000 00742cam a22002413a 4500
001 25220
003 PGUSA
005 20140828083537.0
008 080428s2008||||xxu|||||s|||||000 | eng d
040 _aPGUSA
_beng
042 _adc
050 4 _aTA
100 1 _aTaggart, Ralph C.
245 1 0 _aTransactions of the American Society of Civil Engineers, vol. LXX, Dec. 1910 :
_bExpansion of Pipes, Paper No. 1167
_h[electronic resource] /
_cRalph C. Taggart
260 _bProject Gutenberg,
_c2008
506 _aPublic domain in the USA.
516 _aElectronic text
653 _aStrains and stresses
653 _aSteam-pipes
830 0 _aProject Gutenberg
_v25220
856 4 0 _uhttp://www.gutenberg.org/ebooks/25220
942 _cEB
999 _c254475
_d254475